00509 2200193 4500245006500000020002200065250001100087100002000098700001300118650002600131650001400157650001800171005001900189260004100208041001400249084001200263300003100275336000900306 aBorobudur & Peninggalan Nabi SulaimancKH. Fahmi BasyahText a978-602-18351-3-5 aCet. 8 aKH. Fahmi Basya aTim Ufuk aSeni Arsitektur Islam aBorobudur aNabi Sulaiman a20230309140621 aJakartabUfuk Publishing Housec2014 aIndonesia a297.267 axxxviii, 256 hlm. :cilus. atext